Focus sur: Amárië - Tolkien - Statistiques

Statistiques générales
  • Ce quiz a été pris 8 fois
  • Le résultat moyen est 3 sur 7
Statistiques - réponses
Informations recherchées Réponses % Correct
Espèce Elfe
100%
Couleur des cheveux Blond
83%
Première apparition Le Silmarillion
50%
Contrée Valinor
33%
Groupe de l'espèce Vanyar
33%
Epoux Finrod
17%
Cités Tirion
17%
Aucun quiz correspondant
Distribution des résultats
% des personnes avec chaque résultat
Percentile par nombre de réponses
Votre historique - résultats
Vous n’avez pas pris ce quiz